| 000 | 00554nam a22001937a 4500 | ||
|---|---|---|---|
| 005 | 20251108164148.0 | ||
| 008 | 250721s1999 xx 000 0 ara d | ||
| 082 | 1 | 4 | _a500.2/عطا |
| 100 | 1 | _aعطا الله، ميشل | |
| 245 | 1 | 0 | _aمبادىء العلوم الطبيعية / |
| 264 | 1 |
_aعمان : _bدار يافا العلمية، _c1999. |
|
| 300 | _a240ص. | ||
| 650 | 1 | 7 | _aالعلوم الطبيعية |
| 650 | 1 | 7 | _aالفيزياء |
| 650 | 1 | 7 | _aالكيمياء |
| 700 | 1 | _aنصار، هالة | |
| 942 |
_2ddc _cBK |
||
| 999 |
_c5183 _d5183 |
||